00476nam a22001577a 450000500170000001000150001702000260003203500140005803700130007208200170008510000180010224500640012026000420018427000710022630000210029720190401122531.0 aENG-124966 a9789383046164c695.00 aEN-108498 bDBAD/PUB a428.00705125 aSingh, Shweta aLearning language art through literature /cby Shweta Singh bDPS Publishing Housec2017aNew Delhi a4598/12B, Gola Cottage, Ansari Road, Daryaganj,bNew Delhie110002 a211p. c21cm(Hb)